00406nam a2200133Ia 4500003000400000005001700004008004100021040001600062082001900078100003700097245006600134260006100200300001100261GCL20240530102433.0140319s9999 xx 000 0 ara d aGCL / cGCL04a320.101bا ح0 aاحمد صدقى الدجانى10aحوار ومطارحات /cاحمد صدقى الدجانى a[S.N] : bدار المستقبل العربى ، c1986 a139 ص